[Event "World Chess Olympiad 2018"]
[Site "Batumi"]
[Date "2018.10.01"]
[Round "7"]
[Board "2"]
[WhiteFideId "6100775"]
[White "Rocha Maximiliano"]
[BlackFideId "3100022"]
[Black "Sosa Trani Luis A."]
[Result "1-0"]
[LiveChessVersion "1.4.8"]
[BlackElo "2054"]
[WhiteElo "2185"]

1. e4 {[%clk 1:30:57]} c5 {[%clk 1:30:54]} 2. Nf3 {[%clk 1:31:20]} g6
{[%clk 1:31:05]} 3. Bc4 {[%clk 1:30:06]} Bg7 {[%clk 1:30:34]} 4. O-O e6
{[%clk 1:26:26]} 5. d4 {[%clk 1:30:16]} cxd4 {[%clk 1:26:34]} 6. Nxd4
{[%clk 1:30:42]} a6 {[%clk 1:26:59]} 7. Bb3 {[%clk 1:26:47]} Nc6 {[%clk 1:26:30]}
8. Be3 {[%clk 1:27:05]} Nge7 {[%clk 1:23:40]} 9. Nc3 {[%clk 1:27:16]} O-O
{[%clk 1:23:50]} 10. Nde2 {[%clk 1:18:08]} d6 {[%clk 1:14:27]} 11. Qd2
{[%clk 1:17:59]} Na5 {[%clk 0:52:57]} 12. Rad1 {[%clk 1:14:00]} Nxb3
{[%clk 0:52:30]} 13. axb3 {[%clk 1:13:15]} d5 {[%clk 0:52:17]} 14. exd5
{[%clk 1:07:10]} exd5 {[%clk 0:49:16]} 15. Nf4 {[%clk 1:04:48]} Bf5
{[%clk 0:36:49]} 16. Nfxd5 {[%clk 1:04:22]} Nxd5 17. Nxd5 {[%clk 1:04:27]} Rc8
{[%clk 0:22:22]} 18. Qb4 {[%clk 1:02:17]} a5 {[%clk 0:07:31]} 19. Qa3
{[%clk 0:59:13]} Re8 {[%clk 0:02:48]} 20. Nb6 {[%clk 0:59:24]} 1-0

[Event "World Chess Olympiad 2018"]
[Site "Batumi"]
[Date "2018.10.01"]
[Round "7"]
[Board "3"]
[WhiteFideId "3105873"]
[White "Mejias Nunez Rafael E."]
[BlackFideId "6100376"]
[Black "Picado Jorge"]
[Result "0-1"]
[LiveChessVersion "1.4.8"]
[BlackElo "2143"]
[WhiteElo "1943"]

1. d4 {[%clk 1:30:57]} Nf6 {[%clk 1:29:30]} 2. c4 {[%clk 1:28:30]} e6
{[%clk 1:29:40]} 3. Nf3 {[%clk 1:26:24]} Be7 {[%clk 1:29:39]} 4. g3
{[%clk 1:26:20]} b6 {[%clk 1:29:44]} 5. Bg2 {[%clk 1:26:42]} Bb7 {[%clk 1:30:09]}
6. O-O {[%clk 1:26:55]} O-O {[%clk 1:30:33]} 7. d5 {[%clk 1:25:11]} exd5
{[%clk 1:28:40]} 8. Nh4 {[%clk 1:25:37]} Re8 {[%clk 1:27:03]} 9. cxd5
{[%clk 1:24:00]} Bf8 {[%clk 1:24:07]} 10. Nc3 {[%clk 1:22:02]} c5
{[%clk 1:22:40]} 11. Nf5 {[%clk 1:17:23]} d6 {[%clk 1:21:57]} 12. Re1
{[%clk 1:15:58]} a6 {[%clk 1:21:43]} 13. a4 {[%clk 1:15:44]} Bc8 {[%clk 1:19:29]}
14. Ne3 {[%clk 1:12:18]} Nbd7 {[%clk 1:13:25]} 15. Nc4 {[%clk 1:04:19]} Ne5
{[%clk 0:51:57]} 16. Na3 {[%clk 0:49:01]} Bd7 {[%clk 0:47:35]} 17. h3
{[%clk 0:44:38]} b5 {[%clk 0:43:39]} 18. Nc2 {[%clk 0:40:48]} b4 {[%clk 0:38:48]}
19. Nb1 {[%clk 0:40:57]} Qc8 {[%clk 0:33:33]} 20. Kh2 {[%clk 0:38:03]} a5
{[%clk 0:32:57]} 21. Ne3 {[%clk 0:35:30]} h5 {[%clk 0:26:46]} 22. Nd2
{[%clk 0:34:12]} h4 {[%clk 0:27:00]} 23. g4 {[%clk 0:33:28]} Ng6 {[%clk 0:17:50]}
24. Nec4 {[%clk 0:28:37]} Qd8 {[%clk 0:15:00]} 25. Nf3 {[%clk 0:27:52]} Ne4
{[%clk 0:14:18]} 26. Kg1 {[%clk 0:28:01]} f5 {[%clk 0:13:55]} 27. gxf5
{[%clk 0:25:16]} Bxf5 {[%clk 0:14:23]} 28. Ne3 {[%clk 0:25:34]} Bd7
{[%clk 0:14:11]} 29. Nc4 {[%clk 0:25:48]} Ra7 {[%clk 0:13:12]} 30. Qc2
{[%clk 0:23:27]} Qf6 {[%clk 0:12:21]} 31. b3 {[%clk 0:18:50]} Nf4
{[%clk 0:11:07]} 32. Bxf4 {[%clk 0:18:13]} Qxf4 {[%clk 0:11:35]} 33. Qc1
{[%clk 0:17:17]} Qf6 {[%clk 0:11:49]} 34. Nb6 {[%clk 0:16:22]} Bf5
{[%clk 0:11:42]} 35. Qf4 {[%clk 0:16:41]} g5 {[%clk 0:11:16]} 36. Qc1
{[%clk 0:12:46]} Bh6 {[%clk 0:11:10]} 37. Qc4 {[%clk 0:13:06]} Rg7
{[%clk 0:11:03]} 38. Nh2 {[%clk 0:10:45]} g4 {[%clk 0:08:47]} 39. hxg4
{[%clk 0:10:50]} Bxg4 {[%clk 0:08:59]} 40. Bxe4 {[%clk 0:30:32]} Rxe4 0-1

[Event "World Chess Olympiad 2018"]
[Site "Batumi"]
[Date "2018.10.01"]
[Round "7"]
[Board "4"]
[WhiteFideId "6100511"]
[White "Espinoza Jose"]
[BlackFideId "3100715"]
[Black "Diaz Montes Edwin"]
[Result "1/2-1/2"]
[LiveChessVersion "1.4.8"]
[BlackElo "2034"]
[WhiteElo "2129"]

1. e4 {[%clk 1:30:30]} c5 {[%clk 1:22:50]} 2. Nf3 {[%clk 1:30:47]} d6
{[%clk 1:22:54]} 3. d4 {[%clk 1:28:41]} cxd4 {[%clk 1:23:19]} 4. Nxd4
{[%clk 1:29:06]} Nf6 {[%clk 1:23:45]} 5. Nc3 {[%clk 1:29:28]} a6 {[%clk 1:23:05]}
6. Bg5 {[%clk 1:27:47]} e6 {[%clk 1:22:50]} 7. f4 {[%clk 1:25:42]} Qb6
{[%clk 1:21:37]} 8. Qd2 {[%clk 1:22:49]} Nc6 {[%clk 1:19:16]} 9. Nb3
{[%clk 1:19:49]} Ng4 {[%clk 1:11:38]} 10. Bh4 {[%clk 1:05:43]} Qe3+
{[%clk 1:09:37]} 11. Qxe3 {[%clk 1:04:45]} Nxe3 {[%clk 1:10:04]} 12. Kd2
{[%clk 1:05:04]} Nxf1+ {[%clk 1:06:32]} 13. Rhxf1 {[%clk 1:05:07]} b5
{[%clk 1:05:10]} 14. Rae1 {[%clk 0:59:06]} h6 {[%clk 0:41:22]} 15. h3
{[%clk 0:56:22]} Bd7 {[%clk 0:33:27]} 16. Rf2 {[%clk 0:52:15]} Rc8
{[%clk 0:28:37]} 17. a3 {[%clk 0:51:38]} Ne7 {[%clk 0:22:13]} 18. Kc1
{[%clk 0:38:22]} Ng6 {[%clk 0:22:08]} 19. Bg3 {[%clk 0:38:46]} Be7
{[%clk 0:21:54]} 20. Rd1 {[%clk 0:38:48]} Bc6 {[%clk 0:17:43]} 21. Nd4
{[%clk 0:36:08]} Bd7 {[%clk 0:15:59]} 22. Nde2 {[%clk 0:31:16]} Bc6
{[%clk 0:15:59]} 23. Nd4 {[%clk 0:28:51]} Bd7 {[%clk 0:16:07]} 24. Nf3
{[%clk 0:25:47]} Rc5 {[%clk 0:10:44]} 25. h4 {[%clk 0:22:01]} a5 {[%clk 0:10:00]}
26. Rff1 {[%clk 0:17:37]} b4 {[%clk 0:10:00]} 27. axb4 {[%clk 0:17:50]} axb4
{[%clk 0:10:29]} 28. Ne2 {[%clk 0:17:59]} O-O {[%clk 0:10:37]} 29. e5
{[%clk 0:15:23]} Rfc8 {[%clk 0:10:05]} 30. Ned4 {[%clk 0:13:52]} d5
{[%clk 0:10:13]} 31. h5 {[%clk 0:13:56]} Nf8 {[%clk 0:10:34]} 32. b3
{[%clk 0:12:34]} f5 {[%clk 0:09:43]} 33. Kb2 {[%clk 0:09:31]} Ra5
{[%clk 0:09:09]} 34. Ra1 {[%clk 0:09:50]} Rca8 {[%clk 0:09:32]} 35. Rxa5
{[%clk 0:08:56]} Rxa5 {[%clk 0:10:00]} 36. Ra1 {[%clk 0:08:50]} Rxa1
{[%clk 0:10:18]} 37. Kxa1 {[%clk 0:09:19]} Be8 {[%clk 0:10:28]} 38. Kb2
{[%clk 0:06:57]} Bc5 {[%clk 0:08:03]} 39. c3 {[%clk 0:07:02]} Bxh5
{[%clk 0:06:32]} 40. cxb4 {[%clk 0:07:18]} Bxb4 {[%clk 0:36:19]} 41. Nc6
{[%clk 0:34:00]} Bc5 {[%clk 0:33:32]} 42. Nfd4 {[%clk 0:33:27]} g5
{[%clk 0:30:48]} 43. Kc3 {[%clk 0:31:08]} Kf7 {[%clk 0:29:36]} 44. Kd3
{[%clk 0:24:05]} Ke8 {[%clk 0:27:10]} 45. fxg5 {[%clk 0:21:05]} hxg5
{[%clk 0:27:27]} 46. Be1 {[%clk 0:21:30]} Bf7 {[%clk 0:19:41]} 47. Ba5
{[%clk 0:18:09]} Nd7 {[%clk 0:18:46]} 48. Bc7 {[%clk 0:18:27]} Bb6
{[%clk 0:17:55]} 49. Bd6 {[%clk 0:16:55]} Nc5+ {[%clk 0:17:34]} 50. Kc2
{[%clk 0:16:04]} Ne4 {[%clk 0:16:52]} 51. Ba3 {[%clk 0:15:05]} Kd7
{[%clk 0:15:17]} 52. b4 {[%clk 0:14:40]} f4 {[%clk 0:14:28]} 53. Bc1
{[%clk 0:13:22]} Be8 {[%clk 0:13:35]} 54. Kd3 {[%clk 0:13:02]} Bg6
{[%clk 0:12:21]} 55. Ke2 {[%clk 0:12:48]} Nc3+ {[%clk 0:12:02]} 56. Kd2
{[%clk 0:12:10]} Ne4+ {[%clk 0:10:49]} 57. Ke2 {[%clk 0:12:34]} Ng3+
{[%clk 0:11:06]} 58. Kf2 {[%clk 0:12:28]} Kc7 {[%clk 0:10:02]} 59. Ke1
{[%clk 0:12:14]} Be8 {[%clk 0:09:38]} 60. b5 {[%clk 0:11:03]} Bxc6
{[%clk 0:08:34]} 61. Nxc6 {[%clk 0:11:31]} Nf5 {[%clk 0:08:01]} 62. Nb4
{[%clk 0:10:14]} Nd4 {[%clk 0:07:53]} 63. Nd3 {[%clk 0:09:53]} Nxb5 64. g3 Ba5+
{[%clk 0:06:45]} 65. Kf1 {[%clk 0:10:33]} fxg3 {[%clk 0:06:29]} 66. Bxg5
{[%clk 0:10:46]} Nd4 {[%clk 0:05:47]} 67. Kg2 {[%clk 0:11:05]} Nf5
{[%clk 0:05:27]} 68. Nc5 {[%clk 0:11:32]} Be1 {[%clk 0:02:50]} 69. Nxe6+
{[%clk 0:11:33]} Kd7 {[%clk 0:02:51]} 70. Nc5+ {[%clk 0:11:38]} Ke8
{[%clk 0:02:36]} 71. Nd3 {[%clk 0:11:56]} 1/2-1/2

[Event "World Chess Olympiad 2018"]
[Site "Batumi"]
[Date "2018.10.01"]
[Round "7"]
[Board "1"]
[WhiteFideId "8200165"]
[White "Giasi Viresh"]
[BlackFideId "16700066"]
[Black "Abdul Rahman Ali"]
[Result "1/2-1/2"]
[LiveChessVersion "1.4.8"]
[BlackElo "1850"]
[WhiteElo "2024"]

1. e4 {[%clk 1:30:56]} e6 {[%clk 1:30:37]} 2. d4 {[%clk 1:31:17]} d5
{[%clk 1:30:49]} 3. Nc3 {[%clk 1:31:41]} Bb4 {[%clk 1:30:50]} 4. e5
{[%clk 1:31:59]} Bf8 {[%clk 1:29:19]} 5. Be3 {[%clk 1:30:17]} Nd7
{[%clk 1:28:46]} 6. Nb1 {[%clk 1:28:19]} c5 {[%clk 1:29:09]} 7. c3
{[%clk 1:28:36]} Qb6 {[%clk 1:29:24]} 8. Qc2 {[%clk 1:28:08]} Ne7
{[%clk 1:29:19]} 9. Nf3 {[%clk 1:27:48]} Nf5 {[%clk 1:28:44]} 10. Bd3
{[%clk 1:27:33]} Nb8 {[%clk 1:26:51]} 11. Bxf5 {[%clk 1:23:40]} exf5
{[%clk 1:26:53]} 12. O-O {[%clk 1:21:49]} Nc6 {[%clk 1:26:48]} 13. Nbd2
{[%clk 1:20:52]} c4 {[%clk 1:27:07]} 14. Rfe1 {[%clk 1:18:20]} Qc7
{[%clk 1:27:15]} 15. b3 {[%clk 1:18:31]} b5 {[%clk 1:27:11]} 16. bxc4
{[%clk 1:17:46]} bxc4 {[%clk 1:27:13]} 17. Bf4 {[%clk 1:17:20]} Be6
{[%clk 1:27:39]} 18. Nf1 {[%clk 1:16:31]} Be7 {[%clk 1:27:51]} 19. Ne3
{[%clk 1:16:19]} Qd7 {[%clk 1:27:53]} 20. Bg5 {[%clk 1:02:42]} O-O
{[%clk 1:26:52]} 21. Bxe7 {[%clk 1:01:24]} Nxe7 {[%clk 1:27:03]} 22. g3
{[%clk 1:00:05]} Rab8 {[%clk 1:27:02]} 23. Reb1 {[%clk 1:00:23]} Rxb1+
{[%clk 1:26:57]} 24. Rxb1 {[%clk 1:00:46]} f4 {[%clk 1:26:30]} 25. gxf4
{[%clk 1:00:34]} Nf5 {[%clk 1:26:26]} 26. Rb4 {[%clk 0:46:09]} Nxe3
{[%clk 1:24:45]} 27. fxe3 {[%clk 0:46:36]} Bf5 {[%clk 1:24:33]} 28. Qf2
{[%clk 0:45:48]} Be4 {[%clk 1:24:39]} 29. Qg3 {[%clk 0:45:32]} a5
{[%clk 1:24:04]} 30. Rb2 {[%clk 0:44:14]} Qa4 {[%clk 1:24:08]} 31. Qf2
{[%clk 0:41:16]} Qa3 {[%clk 1:21:58]} 32. Ng5 {[%clk 0:41:16]} Bf5
{[%clk 1:21:25]} 33. Qd2 {[%clk 0:40:48]} h6 {[%clk 1:21:14]} 34. Nf3
{[%clk 0:40:20]} Be4 {[%clk 1:21:24]} 35. Kf2 {[%clk 0:40:45]} Qe7
{[%clk 1:21:18]} 36. Qe1 {[%clk 0:39:36]} Ra8 {[%clk 1:20:28]} 37. Kg3
{[%clk 0:39:19]} Qa3 {[%clk 1:17:52]} 38. Qd2 {[%clk 0:39:01]} Qe7
{[%clk 1:17:52]} 39. Rb6 {[%clk 0:37:32]} Qd7 {[%clk 1:16:53]} 40. Nh4
{[%clk 1:04:41]} Re8 {[%clk 1:44:41]} 41. Qf2 {[%clk 0:49:32]} g6
{[%clk 1:41:41]} 42. f5 {[%clk 0:43:37]} g5 {[%clk 1:41:19]} 43. Ng2
{[%clk 0:43:53]} Kg7 {[%clk 1:39:16]} 44. h4 {[%clk 0:41:34]} Qxf5
{[%clk 1:36:41]} 45. Qxf5 {[%clk 0:41:33]} Bxf5 {[%clk 1:36:28]} 46. Ne1
{[%clk 0:40:49]} Re6 {[%clk 1:34:16]} 47. Rb5 {[%clk 0:40:48]} gxh4+
{[%clk 1:34:12]} 48. Kf4 {[%clk 0:39:12]} Be4 {[%clk 1:33:49]} 49. Rb2
{[%clk 0:38:04]} Rg6 {[%clk 1:34:15]} 50. Nf3 {[%clk 0:37:53]} h3
{[%clk 1:32:24]} 51. Rh2 {[%clk 0:33:31]} Rg2 {[%clk 1:32:33]} 52. Rxh3
{[%clk 0:33:53]} Rxa2 53. e6 fxe6 54. Ke5 Kf7 {[%clk 1:27:18]} 55. Kd6
{[%clk 0:34:16]} Kg6 {[%clk 1:25:52]} 56. Ne5+ {[%clk 0:34:30]} Kg7
{[%clk 1:24:21]} 57. Rg3+ {[%clk 0:31:43]} Kh7 {[%clk 1:24:41]} 58. Ng4
{[%clk 0:30:32]} h5 {[%clk 1:22:31]} 59. Nf6+ {[%clk 0:30:37]} 1/2-1/2

[Event "World Chess Olympiad 2018"]
[Site "Batumi"]
[Date "2018.10.01"]
[Round "7"]
[Board "2"]
[WhiteFideId "16700058"]
[White "Mohamed Hassan"]
[BlackFideId "8200041"]
[Black "Gajadin Dewperkash"]
[Result "1-0"]
[LiveChessVersion "1.4.8"]
[BlackElo "2010"]
[WhiteElo "1846"]

1. e4 {[%clk 1:30:49]} e5 {[%clk 1:30:27]} 2. Nf3 {[%clk 1:31:12]} Nc6
{[%clk 1:30:52]} 3. d4 {[%clk 1:30:51]} exd4 {[%clk 1:31:12]} 4. Bc4
{[%clk 1:31:01]} Nf6 {[%clk 1:29:27]} 5. e5 {[%clk 1:23:45]} d5 {[%clk 1:28:48]}
6. Bb5 {[%clk 1:21:00]} Ne4 {[%clk 1:28:08]} 7. Nxd4 {[%clk 1:20:18]} Bd7
{[%clk 1:27:28]} 8. Bxc6 {[%clk 1:18:31]} bxc6 {[%clk 1:27:21]} 9. O-O
{[%clk 1:17:55]} Bc5 {[%clk 1:21:43]} 10. Be3 {[%clk 1:13:57]} O-O
{[%clk 1:15:03]} 11. Nd2 {[%clk 1:13:26]} Qe7 {[%clk 1:08:55]} 12. Nxe4
{[%clk 1:09:29]} dxe4 {[%clk 1:07:17]} 13. Bf4 {[%clk 1:05:32]} f6
{[%clk 0:40:01]} 14. exf6 {[%clk 1:03:07]} Qxf6 {[%clk 0:40:16]} 15. Be3
{[%clk 1:03:12]} Bd6 {[%clk 0:34:11]} 16. Qh5 {[%clk 1:00:19]} Rab8
{[%clk 0:26:14]} 17. Rab1 {[%clk 0:58:09]} Be5 {[%clk 0:19:41]} 18. c3
{[%clk 0:57:00]} h6 {[%clk 0:07:54]} 19. b4 {[%clk 0:53:44]} Rbe8
{[%clk 0:04:28]} 20. a3 {[%clk 0:53:53]} Bd6 {[%clk 0:04:18]} 21. c4
{[%clk 0:48:24]} Re5 {[%clk 0:04:01]} 22. Qe2 {[%clk 0:48:24]} Qh4
{[%clk 0:03:39]} 23. g3 {[%clk 0:47:07]} Qh3 {[%clk 0:03:29]} 24. f4
{[%clk 0:43:32]} exf3 {[%clk 0:03:39]} 25. Rxf3 {[%clk 0:42:44]} Rxf3
{[%clk 0:02:34]} 26. Qxf3 {[%clk 0:40:55]} Bf5 {[%clk 0:01:26]} 27. Nxf5
{[%clk 0:34:18]} Rxf5 {[%clk 0:01:47]} 28. Qg2 {[%clk 0:32:30]} Qg4
{[%clk 0:01:33]} 29. c5 {[%clk 0:28:18]} Be5 {[%clk 0:01:09]} 30. Rf1
{[%clk 0:24:27]} Rxf1+ {[%clk 0:00:59]} 31. Kxf1 {[%clk 0:20:29]} Qd1+
{[%clk 0:01:06]} 32. Kf2 {[%clk 0:20:37]} Qc2+ {[%clk 0:00:51]} 33. Kg1
{[%clk 0:17:55]} Qb1+ {[%clk 0:00:50]} 34. Qf1 {[%clk 0:17:51]} Qe4
{[%clk 0:01:12]} 35. Qf2 {[%clk 0:16:35]} Kh7 {[%clk 0:01:14]} 36. h4
{[%clk 0:15:10]} Qg4 {[%clk 0:00:53]} 37. Kg2 {[%clk 0:15:07]} Qe4+
{[%clk 0:01:17]} 38. Qf3 {[%clk 0:15:05]} Qd3 {[%clk 0:01:10]} 39. Bf2
{[%clk 0:15:07]} Qxf3+ {[%clk 0:01:05]} 40. Kxf3 {[%clk 0:45:14]} Bb2
{[%clk 0:31:30]} 41. a4 {[%clk 0:45:34]} Bc3 {[%clk 0:31:52]} 42. b5
{[%clk 0:45:49]} cxb5 {[%clk 0:31:36]} 43. axb5 {[%clk 0:46:12]} Ba5
{[%clk 0:26:58]} 44. Ke4 {[%clk 0:45:35]} Kg6 {[%clk 0:18:32]} 45. Bd4
{[%clk 0:44:25]} h5 {[%clk 0:07:15]} 46. Be5 {[%clk 0:44:29]} Kf7
{[%clk 0:07:15]} 47. Kd5 {[%clk 0:44:48]} Ke7 {[%clk 0:02:03]} 48. Kc6
{[%clk 0:43:48]} Kd8 {[%clk 0:02:02]} 49. Kb7 {[%clk 0:42:47]} g6
{[%clk 0:01:25]} 50. Kxa7 {[%clk 0:41:55]} Kd7 {[%clk 0:01:09]} 51. Ka6
{[%clk 0:40:44]} Bb4 {[%clk 0:00:45]} 52. b6 {[%clk 0:40:47]} Kc8
{[%clk 0:00:34]} 53. Kb5 {[%clk 0:38:37]} Be1 {[%clk 0:00:41]} 54. Bxc7
{[%clk 0:38:38]} Bd2 {[%clk 0:00:00]} 1-0

[Event "World Chess Olympiad 2018"]
[Site "Batumi"]
[Date "2018.10.01"]
[Round "7"]
[Board "3"]
[WhiteFideId "8200211"]
[White "Sanches Casanova Romario"]
[BlackFideId "16700406"]
[Black "Muhammed Shuaau"]
[Result "0-1"]
[LiveChessVersion "1.4.8"]
[BlackElo "1775"]
[WhiteElo "2029"]

1. e4 {[%clk 1:30:53]} e5 {[%clk 1:30:50]} 2. Bc4 {[%clk 1:30:49]} Bc5
{[%clk 1:30:21]} 3. Nc3 {[%clk 1:31:07]} Nf6 {[%clk 1:30:07]} 4. d3
{[%clk 1:31:29]} d6 {[%clk 1:30:09]} 5. Nf3 {[%clk 1:20:39]} Nc6 {[%clk 1:29:39]}
6. O-O {[%clk 1:16:10]} a6 {[%clk 1:19:22]} 7. Be3 {[%clk 1:15:35]} O-O
{[%clk 1:19:09]} 8. Bg5 {[%clk 1:05:50]} h6 {[%clk 1:17:45]} 9. Bh4
{[%clk 1:05:25]} Be6 {[%clk 1:14:30]} 10. Nd5 {[%clk 0:59:19]} Bxd5
{[%clk 1:14:21]} 11. Bxd5 {[%clk 0:59:08]} g5 {[%clk 1:13:11]} 12. Bg3
{[%clk 0:57:17]} Nxd5 {[%clk 1:13:29]} 13. exd5 {[%clk 0:57:29]} Nd4
{[%clk 1:07:38]} 14. Nxd4 {[%clk 0:56:53]} Bxd4 {[%clk 1:07:51]} 15. c3
{[%clk 0:56:29]} Bb6 {[%clk 1:08:01]} 16. Qh5 {[%clk 0:50:18]} Kg7
{[%clk 1:07:49]} 17. Kh1 {[%clk 0:46:42]} f5 {[%clk 1:06:45]} 18. f3
{[%clk 0:45:55]} Qe8 {[%clk 1:04:27]} 19. Qxe8 {[%clk 0:45:02]} Rfxe8
{[%clk 1:04:42]} 20. Bf2 {[%clk 0:43:28]} Bxf2 {[%clk 0:58:41]} 21. Rxf2
{[%clk 0:43:55]} a5 {[%clk 0:55:57]} 22. Re2 {[%clk 0:43:21]} Kf6
{[%clk 0:55:06]} 23. Rae1 {[%clk 0:42:29]} c6 {[%clk 0:53:35]} 24. dxc6
{[%clk 0:39:28]} bxc6 {[%clk 0:54:03]} 25. d4 {[%clk 0:35:09]} Re7
{[%clk 0:52:30]} 26. dxe5+ {[%clk 0:34:04]} Rxe5 {[%clk 0:51:14]} 27. Rxe5
{[%clk 0:33:57]} dxe5 {[%clk 0:51:38]} 28. Rd1 {[%clk 0:34:20]} Ke6
{[%clk 0:50:58]} 29. Kg1 {[%clk 0:34:24]} c5 {[%clk 0:49:46]} 30. Kf2
{[%clk 0:28:05]} h5 {[%clk 0:46:33]} 31. Ke3 {[%clk 0:23:24]} c4 {[%clk 0:46:01]}
32. b3 {[%clk 0:19:19]} cxb3 {[%clk 0:41:08]} 33. axb3 {[%clk 0:19:47]} a4
{[%clk 0:41:37]} 34. Ra1 {[%clk 0:10:14]} a3 {[%clk 0:41:55]} 35. c4
{[%clk 0:08:54]} a2 {[%clk 0:40:27]} 36. Kd3 Ra3 {[%clk 0:38:26]} 37. Kc2
{[%clk 0:06:48]} e4 {[%clk 0:36:47]} 38. fxe4 {[%clk 0:06:01]} fxe4
{[%clk 0:37:09]} 39. Kd2 {[%clk 0:04:15]} Ke5 {[%clk 0:36:27]} 40. c5
{[%clk 0:33:18]} Kd5 {[%clk 1:05:10]} 41. b4 {[%clk 0:32:06]} Kc6
{[%clk 1:03:10]} 42. Kc2 {[%clk 0:17:49]} Ra8 {[%clk 0:58:20]} 43. Kd2
{[%clk 0:15:20]} Kb5 {[%clk 0:58:21]} 44. Ke3 {[%clk 0:12:52]} Kxb4
{[%clk 0:58:24]} 45. c6 {[%clk 0:13:07]} Kb3 {[%clk 0:58:43]} 46. Kxe4
{[%clk 0:11:44]} Kb2 {[%clk 0:59:07]} 47. Rxa2+ {[%clk 0:11:18]} Kxa2
{[%clk 0:58:54]} 48. Kf5 {[%clk 0:11:06]} Rg8 {[%clk 0:56:49]} 49. g4
{[%clk 0:08:17]} hxg4 {[%clk 0:56:57]} 50. Kxg4 {[%clk 0:08:44]} Kb3
{[%clk 0:56:57]} 51. c7 {[%clk 0:08:44]} Kc4 {[%clk 0:57:13]} 52. c8=Q+
{[%clk 0:04:12]} Rxc8 {[%clk 0:57:35]} 53. Kxg5 {[%clk 0:04:37]} Rg8+
{[%clk 0:57:40]} 54. Kh4 {[%clk 0:04:45]} Kd5 55. h3 Ke6 {[%clk 0:58:08]} 56. Kh5
{[%clk 0:05:05]} Kf6 {[%clk 0:58:28]} 57. h4 {[%clk 0:05:09]} Kg7
{[%clk 0:58:50]} 58. Kg5 {[%clk 0:05:16]} Kh7+ {[%clk 0:59:18]} 59. Kh5
{[%clk 0:05:14]} Ra8 {[%clk 0:59:40]} 60. Kg5 {[%clk 0:05:30]} Ra5+
{[%clk 1:00:06]} 61. Kg4 {[%clk 0:05:50]} Kh6 {[%clk 1:00:30]} 62. Kg3
{[%clk 0:05:52]} Kh5 0-1

[Event "World Chess Olympiad 2018"]
[Site "Batumi"]
[Date "2018.10.01"]
[Round "7"]
[Board "4"]
[WhiteFideId "16700031"]
[White "Ahmed Ashraf"]
[BlackFideId "8200173"]
[Black "Hanoeman Suradj"]
[Result "0-1"]
[LiveChessVersion "1.4.8"]
[BlackElo "1996"]
[WhiteElo "1863"]

1. e4 {[%clk 1:30:55]} c5 {[%clk 1:28:19]} 2. Nf3 {[%clk 1:31:18]} e6
{[%clk 1:28:43]} 3. Nc3 {[%clk 1:31:42]} a6 {[%clk 1:28:34]} 4. d4
{[%clk 1:32:01]} cxd4 {[%clk 1:28:50]} 5. Nxd4 {[%clk 1:32:22]} Qc7
{[%clk 1:27:07]} 6. a3 {[%clk 1:31:08]} Nf6 {[%clk 1:27:04]} 7. Bg5
{[%clk 1:30:54]} Be7 {[%clk 1:26:32]} 8. Qe2 {[%clk 1:25:55]} d6 {[%clk 1:26:14]}
9. f4 {[%clk 1:25:14]} Nbd7 {[%clk 1:26:08]} 10. O-O-O {[%clk 1:23:02]} Nb6
{[%clk 1:18:24]} 11. g4 {[%clk 1:20:22]} h6 {[%clk 1:15:23]} 12. Bh4
{[%clk 1:20:23]} g5 {[%clk 1:15:14]} 13. fxg5 {[%clk 1:18:00]} Nfd7
{[%clk 1:15:03]} 14. Kb1 {[%clk 0:56:00]} hxg5 {[%clk 1:14:21]} 15. Bg3
{[%clk 0:56:09]} Ne5 {[%clk 1:14:41]} 16. Bxe5 {[%clk 0:52:01]} dxe5
{[%clk 1:14:50]} 17. Nf3 {[%clk 0:52:24]} Bd7 {[%clk 1:13:07]} 18. Qe3
{[%clk 0:42:13]} f6 {[%clk 1:11:48]} 19. Na2 {[%clk 0:30:49]} O-O-O
{[%clk 1:05:39]} 20. h3 {[%clk 0:26:26]} Bc5 {[%clk 1:00:19]} 21. Qb3
{[%clk 0:26:06]} Rhe8 {[%clk 0:56:13]} 22. Nc3 {[%clk 0:25:07]} Bc6
{[%clk 0:42:26]} 23. Bd3 {[%clk 0:23:28]} Bd4 {[%clk 0:37:40]} 24. Nd2
{[%clk 0:19:06]} Nd7 {[%clk 0:34:22]} 25. Qc4 {[%clk 0:12:59]} b5
{[%clk 0:32:48]} 26. Qa2 {[%clk 0:12:59]} Bxc3 {[%clk 0:32:46]} 27. bxc3
{[%clk 0:13:24]} Nc5 {[%clk 0:32:38]} 28. Rhf1 {[%clk 0:10:06]} Nxd3
{[%clk 0:28:54]} 29. cxd3 {[%clk 0:08:46]} Rxd3 {[%clk 0:28:20]} 30. Kc2
{[%clk 0:09:12]} Rxc3+ {[%clk 0:26:13]} 31. Kb2 {[%clk 0:08:34]} Rc2+
{[%clk 0:22:14]} 32. Kxc2 {[%clk 0:08:26]} Bd5+ {[%clk 0:22:38]} 33. Kd3
{[%clk 0:03:42]} Bxa2 {[%clk 0:22:54]} 34. Rc1 {[%clk 0:04:05]} Bc4+
{[%clk 0:23:21]} 35. Nxc4 {[%clk 0:04:06]} Rd8+ {[%clk 0:22:03]} 0-1

[Event "World Chess Olympiad 2018"]
[Site "Batumi"]
[Date "2018.10.01"]
[Round "7"]
[Board "1"]
[WhiteFideId "14306310"]
[White "Degondo Simplice Armel"]
[BlackFideId "1126768"]
[Black "Belzo Krzysztof"]
[Result "1/2-1/2"]
[LiveChessVersion "1.4.8"]
[BlackElo "2057"]
[WhiteElo "2138"]

1. c4 {[%clk 1:30:57]} g6 {[%clk 1:30:56]} 2. Nc3 {[%clk 1:31:25]} Bg7
{[%clk 1:31:19]} 3. g3 {[%clk 1:31:54]} c5 {[%clk 1:31:34]} 4. Bg2
{[%clk 1:32:23]} Nc6 {[%clk 1:31:57]} 5. d3 {[%clk 1:32:24]} e6 {[%clk 1:28:18]}
6. Be3 {[%clk 1:31:16]} Nd4 {[%clk 1:27:25]} 7. Nf3 {[%clk 1:31:37]} Ne7
{[%clk 1:25:35]} 8. O-O {[%clk 1:31:28]} O-O {[%clk 1:24:02]} 9. Ne4
{[%clk 1:31:08]} Qc7 {[%clk 1:08:55]} 10. Nxd4 {[%clk 1:28:56]} cxd4
{[%clk 1:09:00]} 11. Bf4 {[%clk 1:28:10]} e5 {[%clk 1:08:45]} 12. Bg5
{[%clk 1:26:50]} f6 {[%clk 1:07:39]} 13. Bd2 {[%clk 1:26:29]} d6 {[%clk 0:54:34]}
14. b4 {[%clk 1:26:15]} f5 {[%clk 0:50:30]} 15. Ng5 {[%clk 1:25:44]} h6
{[%clk 0:47:24]} 16. Nf3 {[%clk 1:26:02]} Be6 {[%clk 0:42:52]} 17. Rc1
{[%clk 1:20:54]} Qd7 {[%clk 0:41:27]} 18. Ne1 {[%clk 1:20:12]} f4
{[%clk 0:36:45]} 19. a4 {[%clk 1:19:15]} h5 {[%clk 0:29:41]} 20. gxf4
{[%clk 1:12:49]} exf4 {[%clk 0:29:36]} 21. Nf3 {[%clk 1:13:15]} Rf5
{[%clk 0:20:36]} 22. a5 {[%clk 1:10:05]} a6 {[%clk 0:19:18]} 23. e3
{[%clk 1:09:22]} dxe3 {[%clk 0:18:22]} 24. fxe3 {[%clk 1:09:51]} fxe3
{[%clk 0:18:03]} 25. Bxe3 {[%clk 1:10:16]} Raf8 {[%clk 0:17:25]} 26. Qd2
{[%clk 1:10:14]} d5 {[%clk 0:15:35]} 27. Bc5 {[%clk 1:01:43]} dxc4
{[%clk 0:15:05]} 28. dxc4 {[%clk 0:46:14]} Rxf3 {[%clk 0:14:16]} 29. Qxd7
{[%clk 0:46:22]} Rxf1+ {[%clk 0:14:44]} 30. Rxf1 {[%clk 0:46:29]} Bxd7
{[%clk 0:12:02]} 31. Bxe7 {[%clk 0:46:53]} Bd4+ {[%clk 0:09:46]} 32. Kh1
{[%clk 0:44:38]} Rxf1+ {[%clk 0:10:13]} 33. Bxf1 {[%clk 0:45:07]} Kf7
{[%clk 0:10:34]} 34. Bd8 {[%clk 0:39:23]} Ke8 {[%clk 0:08:29]} 35. Bb6
{[%clk 0:26:12]} Bc6+ {[%clk 0:05:19]} 36. Bg2 {[%clk 0:26:37]} Bxg2+
{[%clk 0:05:13]} 37. Kxg2 {[%clk 0:26:55]} Bxb6 {[%clk 0:05:41]} 38. axb6
{[%clk 0:27:09]} Kd7 {[%clk 0:06:09]} 39. Kf3 {[%clk 0:27:05]} Kc6
{[%clk 0:05:07]} 40. c5 {[%clk 0:43:52]} a5 {[%clk 0:35:26]} 41. bxa5
{[%clk 0:43:50]} Kxc5 {[%clk 0:29:21]} 42. a6 {[%clk 0:40:51]} Kxb6
{[%clk 0:29:39]} 43. axb7 {[%clk 0:41:14]} Kxb7 {[%clk 0:30:07]} 1/2-1/2